000 00978nas a2200337 4500
001 BR2010005910
003 BR-BrBNA
005 20231205114803.0
007 ta
008 230509b bl.|||p| |||| 00| 00por d
040 _aBR-BrBNA
_bpor
_cBiblioteca Nacional de Agricultura
041 _a(En)
072 _aP06; F30
100 1 _aMorais, R.F. de
100 1 _aSouza, B.J. de
100 1 _aLeite, J.M.
100 1 _aSoares, L.H. de B.
100 1 _aAlves, B.J.R.
100 1 _aBoddey, R.M.
100 1 _aUrquiaga, S.
245 1 _aElephant grass genotypes for bioenergy production by direct biomass combustion
650 _aCAPIM ELEFANTE
650 _aGENÓTIPO
650 _aBIOENERGIA
650 _aLIGNINA
650 _aBIOMASSA
650 _aNITROGÊNIO
773 0 _tPesquisa Agropecuária Brasileira (Brazil)
_xISSN 0100-204X
_g(Feb 2009), v. 44(2) p. 133-140
_wBR2010005910
909 _a202311
_bLúcia
_c55
_dLúcia Elande
942 _2AGRIS
_n0
_cANA
999 _c210492
_d210492